|
|
|
|
| LEADER |
00776ncm a22002172a 4500 |
| 001 |
001350257 |
| 003 |
CZ BrMZK |
| 005 |
20140228091255.0 |
| 007 |
qu |
| 008 |
131202s1942 xr |||||||||||||||||zxx d |
| 040 |
|
|
|a BOA001
|b cze
|
| 072 |
|
7 |
|a 787
|x Hudba pro strunné a smyčcové nástroje
|2 Konspekt
|9 9
|
| 100 |
1 |
|
|a Fiala, Jiří Julius,
|d 1892-1974
|7 jk01030995
|4 cmp
|
| 245 |
1 |
0 |
|a Lásko, bože lásko--
|h [hudebnina] :
|b houslové sólo z filmu "Muzikantská Liduška" /
|c hudba: Jiří Fiala
|
| 250 |
|
|
|a 3. vyd.
|
| 260 |
|
|
|a Praha :
|b Fr. Kudelík,
|c [1942?]
|
| 300 |
|
|
|a 1 partitura (4 s.) + 1 hlas (3 s.)
|
| 910 |
|
|
|a BOA001
|b Mus4-0168.005
|
| 990 |
|
|
|a MU
|
| 991 |
|
|
|b 201312
|
| 996 |
6 |
|
|b 2619630977
|c Mus4-0168.005
|l MZK
|r Sklad / do 1 hodiny
|n 0
|w 001385091
|u 000010
|a 1
|e BOA001
|j MZK50
|s P
|